Expressions de la langue française utilisant le mot os - Statistiques

Statistiques générales
  • Ce quiz a été pris 254 fois
  • Le résultat moyen est 7 sur 8
Statistiques - réponses
Expression Mot manquant % Correct
très maigre : n'avoir plus que la ... et les os peau
99%
en personne : en .... et en os chair
97%
sucer l'os jusqu'à la .... moelle
95%
beaucoup mouillé : être .... jusqu'aux os trempé
92%
ne pas durer longtemps : ne pas faire de ... os vieux
84%
rencontrer un problème : ... sur un os tomber
81%
se faire berner : l'... dans l'os avoir
75%
petite compensation : donner un os à .... à quelqu'un ronger
62%
Aucun quiz correspondant
Distribution des résultats
% des personnes avec chaque résultat
Percentile par nombre de réponses
Votre historique - résultats
Vous n’avez pas pris ce quiz